Umiestnenie prostriedkov technických rezerv do cenných papierov diplomová práca
Guardado en:
| Autor principal: | |
|---|---|
| Autor Corporativo: | |
| Otros Autores: | |
| Formato: | Libro |
| Lenguaje: | eslovaco |
| Publicado: |
Bratislava
2012
|
| Etiquetas: |
Sin Etiquetas, Sea el primero en etiquetar este registro!
|
MARC
| LEADER | 00000nbm a2200000 4500 | ||
|---|---|---|---|
| 001 | 0154736 | ||
| 005 | 20161109102141.2 | ||
| 041 | 0 | |a slo | |
| 044 | |a SK | ||
| 245 | 1 | 0 | |a Umiestnenie prostriedkov technických rezerv do cenných papierov |b diplomová práca |c Veronika Medveďová ; školiteľ: Zuzana Juhászová |
| 264 | 1 | |a Bratislava |c 2012 | |
| 300 | |a 81 s. | ||
| 100 | 1 | |a Medveďová, Veronika | |
| 700 | 1 | |a Juhászová, Zuzana, 1970- | |
| 710 | 2 | |a Fakulta hospodárskej informatiky EU. Katedra účtovníctva a audítorstva | |